| 000 | 00404cam a22001457a 4500 | ||
|---|---|---|---|
| 008 | 180718b2007 xxu||||| |||| 00| 0 eng d | ||
| 020 | _a8184500011 | ||
| 082 | _aB3x54 G552 | ||
| 100 | _aGoel, S.L. | ||
| 245 |
_aGood governance: an integral approach _cby S.L. Goel |
||
| 260 |
_aNew Delhi _bDeep & Deep _c2007 |
||
| 300 | _a581p. | ||
| 650 | _aPublic administration - India | ||
| 650 | _aGovernance-India | ||
| 999 |
_c407129 _d407129 |
||